Teoría y problemas de materiales de construcción
Uloženo v:
| Hlavní autor: | |
|---|---|
| Médium: | Kniha |
| Jazyk: | španělština |
| Vydáno: |
Ciudad de México
McGraw Hill
1977
|
| Edice: | Serie de compendios Schaum
|
| Témata: | |
| Tagy: |
Přidat tag
Žádné tagy, Buďte první, kdo vytvoří štítek k tomuto záznamu!
|
MARC
| LEADER | 00000nam a2200000 a 4500 | ||
|---|---|---|---|
| 001 | UCV4686 | ||
| 003 | CL-VaPUC | ||
| 008 | 910712e19770000MX |||||||||||||||||spa|d | ||
| 082 | 0 | 4 | |a 691 |b MAY |2 21 |
| 100 | |a Mayor González, Gerardo |e autor |9 368104 | ||
| 245 | 1 | 0 | |a Teoría y problemas de materiales de construcción |
| 300 | |a 210 p | ||
| 942 | |c BK | ||
| 945 | |d 19910712 00:00:00 | ||
| 260 | |a Ciudad de México |b McGraw Hill |c 1977 | ||
| 650 | 0 | |a Materiales de construcción |9 260197 | |
| 650 | 0 | |a Problemas, ejercicios, etc |9 259377 | |
| 583 | |a last modification |c 20150417 17:44:45 |k Rodrigo Vera | ||
| 490 | 0 | |a Serie de compendios Schaum | |
| 999 | |c 211393 |d 211391 | ||